Los sentidos y el conocimiento religioso
Saved in:
| Hovedforfatter: | |
|---|---|
| Format: | Bog |
| Sprog: | spansk |
| Udgivet: |
Madrid
Cristiandad
1965
|
| Serier: | Colección Cristianismo y Hombre Actual, 69
|
| Fag: | |
| Tags: |
Tilføj Tag
Ingen Tags, Vær først til at tagge denne postø!
|
MARC
| LEADER | 00000nam a2200000 a 4500 | ||
|---|---|---|---|
| 001 | UCL5138 | ||
| 003 | CL-VaPUC | ||
| 008 | 040305e19650000SP |||||||||||||||||spa|d | ||
| 082 | 0 | 4 | |a 230 |b GUA |2 21 |
| 100 | 0 | |a Guardini, Romano |e author |9 341352 | |
| 245 | 1 | 4 | |a Los sentidos y el conocimiento religioso |
| 300 | |a 171 p | ||
| 942 | |c BK | ||
| 945 | |d 20040305 00:00:00 |a vberengu | ||
| 260 | |a Madrid |b Cristiandad |c 1965 | ||
| 600 | 0 | |a GUARDINI, ROMANO 1885-1968 |9 483916 | |
| 650 | 0 | |a Teología cristiana |9 308336 | |
| 650 | 7 | |a EPIFANIA |2 CL-VaPUC |9 399264 | |
| 650 | 0 | |a Revelación |9 313616 | |
| 650 | 0 | |a Nuevo testamento |9 257604 | |
| 650 | 7 | |a CONOCIMIENTO RELIGIOSO |2 CL-VaPUC |9 482826 | |
| 650 | 7 | |a MILAGROS Y SIGNOS |2 CL-VaPUC |9 482827 | |
| 583 | |a last modification |c 20040305 00:00:00 |k Rodrigo Vera | ||
| 490 | 0 | |a Colección Cristianismo y Hombre Actual, 69 | |
| 999 | |c 307806 |d 307804 | ||
| 952 | |0 0 |1 2 |4 0 |6 230_000000000000000_GUA_1965 |7 0 |8 A |9 373932 |a BIBTEO |b BIBTEO |d 2019-11-21 |i 210444K |o 230 GUA 1965 |p 210444K |r 2019-11-21 |w 2019-11-21 |x Descarte 2019 |y BK |k ICR | ||